| 000 | 00545cam a22002051 4500 | ||
|---|---|---|---|
| 001 | af 48002106 | ||
| 003 | DLC | ||
| 005 | 20260227110853.0 | ||
| 008 | 820928s1944 be 000 0 fre c | ||
| 010 | _aaf 48002106 | ||
| 035 | _a(OCoLC)8814504 | ||
| 040 |
_aNew York. Public Libr. _cNcU _dDLC |
||
| 042 | _apremarc | ||
| 050 | 0 | 0 |
_aPQ2625.A718 _bC3 |
| 082 | _a848.91 | ||
| 100 | 1 |
_aMan, Hendrik de, _d1885-1953. |
|
| 245 | 1 | 0 | _aCahiers de ma montagne. |
| 260 |
_a[Bruxelles] _bÉditions de la Toison d'or _c[1944] |
||
| 300 |
_a244 p. _c21 cm. |
||
| 999 |
_c4869 _d4869 |
||